Materials and their application to engineering design (Record no. 4094)

000 -LEADER
fixed length control field 00464nam a22001577a 4500
008 - FIXED-LENGTH DATA ELEMENTS--GENERAL INFORMATION
fixed length control field 200716b ||||| |||| 00| 0 eng d
082 00 - DEWEY DECIMAL CLASSIFICATION NUMBER
Classification number 620.11
Item number A421
100 ## - MAIN ENTRY--PERSONAL NAME
9 (RLIN) 2750
Personal name Allcut, E. A.
245 10 - TITLE STATEMENT
Title Materials and their application to engineering design
250 ## - EDITION STATEMENT
Edition statement 2nd ed.
260 ## - PUBLICATION, DISTRIBUTION, ETC. (IMPRINT)
Place of publication, distribution, etc London
Name of publisher, distributor, etc Charles Griffin & Co
Date of publication, distribution, etc xiii,519 p.
300 ## - PHYSICAL DESCRIPTION
Extent xiii, 519 p.
Dimensions 13.00
650 #0 - SUBJECT ADDED ENTRY--TOPICAL TERM
Topical term or geographic name as entry element Building Materials
700 ## - ADDED ENTRY--PERSONAL NAME
9 (RLIN) 3371
Personal name Miller, E.
942 ## - ADDED ENTRY ELEMENTS (KOHA)
Item type Books
Holdings
Withdrawn status Lost status Source of classification or shelving scheme Damaged status Not for loan Permanent location Current location Date acquired Source of acquisition Full call number Barcode Date last seen Koha item type
  Lost       IMU Kolkata IMU Kolkata 1952-10-30 Progressive 620.11 A421 00714 2020-07-16 Books
  Lost       IMU Kolkata IMU Kolkata 1952-10-30 Progressive 620.11 A421 00715 2020-07-16 Books
Designed and Maintained by IMU-KC Library, Kolkata Campus © Copyright All Rights Reserved

webs counters

Powered by Koha